| 000 | 00514 a2200193 4500 | ||
|---|---|---|---|
| 005 | 20260415114736.0 | ||
| 008 | 260415b |||||||| |||| 00| 0 eng d | ||
| 020 |
_a9781032359021 _c£ 40.99 |
||
| 040 | _aMAIN | ||
| 082 |
_a781.49 _bB727A |
||
| 100 | _aBraddock, J P | ||
| 245 | _aAudio mastering: Separating the science from fiction | ||
| 260 |
_bRoutledge _c2024 _aNew York |
||
| 300 | _axv, 248 | ||
| 650 | _aAudoi Technology | ||
| 650 | _aSound Recordings | ||
| 650 | _aSound Production | ||
| 942 | _cBK | ||
| 999 |
_c397308 _d397308 |
||